| 000 | 00773nam a2200181Ia 4500 | ||
|---|---|---|---|
| 008 | 090630s9999 xx 000 0 und d | ||
| 082 | _b2192 | ||
| 100 | _aदेवगिरीकर त्र्यं. र. | ||
| 245 |
_aवल् भभाई पटेल चरित्र काळ. _cदेवगिरीकर त्र्यं. र. |
||
| 260 | _bभारत ग्रंथमाला. | ||
| 300 | _a424 | ||
| 600 | _aदेवगिरीकर त्र्यं. र. | ||
| 630 | _aवल् भभाई पटेल चरित्र काळ. | ||
| 655 | _aचरित्र. | ||
| 700 | _aदेवगिरीकर त्र्यं. र. | ||
| 730 | _aवल् भभाई पटेल चरित्र काळ. | ||
| 942 | _cBOOK | ||
| 999 |
_c254048 _d254048 |
||